[Event "Quebec-ch qual. 1"]
[Site "Montreal CAN"]
[Date "2005.04.30"]
[Round "3"]
[White "Hajiyev, Elshad"]
[Black "Samson, Gaetan"]
[Result "1-0"]
[WhiteElo "1940"]
[BlackElo "1803"]
[PlyCount "37"]
[GameId "2160767910968654"]
[EventDate "2005.04.29"]
[EventType "swiss"]
[EventRounds "5"]
[EventCountry "CAN"]
[SourceTitle "CBM 106 Extra"]
[Source "ChessBase"]
[SourceDate "2005.07.01"]
[SourceVersion "1"]
[SourceVersionDate "2005.07.01"]
[SourceQuality "1"]

1. e4 c5 2. Nc3 Nc6 3. f4 d6 4. Nf3 g6 5. Bc4 Bg7 6. O-O Nh6 7. d3 O-O 8. Qe1 Nd4 9. Nxd4 Bxd4+ 10. Kh1 e6 11. f5 Ng4 12. g3 exf5 13. h3 Ne5 14. Bg5 Qd7 15. Bb5 Nc6 16. Nd5 fxe4 17. Bf6 a6 18. Bxc6 bxc6 19. Ne7+ 1-0

[Event "Quebec-ch qual. 1"]
[Site "Montreal CAN"]
[Date "2005.04.30"]
[Round "3"]
[White "Malveau, Cedric"]
[Black "Joanis, Marc-Andre"]
[Result "1-0"]
[WhiteElo "1926"]
[BlackElo "1688"]
[PlyCount "97"]
[GameId "2160767910968655"]
[EventDate "2005.04.29"]
[EventType "swiss"]
[EventRounds "5"]
[EventCountry "CAN"]
[SourceTitle "CBM 106 Extra"]
[Source "ChessBase"]
[SourceDate "2005.07.01"]
[SourceVersion "1"]
[SourceVersionDate "2005.07.01"]
[SourceQuality "1"]

1. e4 Nf6 2. e5 Nd5 3. d4 d6 4. c4 Nb6 5. exd6 exd6 6. Nc3 Be7 7. Bd3 O-O 8. Nge2 Nc6 9. a3 Bf6 10. Be3 Re8 11. O-O Bg4 12. Qc2 g6 13. h3 Bxe2 14. Nxe2 d5 15. c5 Nc8 16. b4 N6e7 17. Rae1 Qd7 18. Kh1 b6 19. Ng1 bxc5 20. bxc5 Nc6 21. Nf3 N8e7 22. Rb1 Rab8 23. Rxb8 Rxb8 24. Rb1 Rxb1+ 25. Qxb1 h5 26. Qb7 Qc8 27. Qxc8+ Nxc8 28. Kg1 g5 29. g4 hxg4 30. hxg4 N8e7 31. Bb5 Kg7 32. Kf1 Kg6 33. Ke2 Nd8 34. Kd2 c6 35. Bd3+ Kh6 36. Kc3 Ne6 37. Bc2 Nxc5 38. Bxg5+ Bxg5 39. dxc5 Bc1 40. Kb4 Kg7 41. Nd4 Bd2+ 42. Kb3 Bc1 43. Nf5+ Nxf5 44. Bxf5 Kf6 45. Bd7 Ke5 46. Bxc6 a5 47. Be8 f6 48. Ka4 d4 49. Kxa5 1-0

[Event "Quebec-ch qual. 1"]
[Site "Montreal CAN"]
[Date "2005.04.30"]
[Round "3"]
[White "Menard, Dominic"]
[Black "Piche, Justin"]
[Result "1-0"]
[WhiteElo "1883"]
[BlackElo "1600"]
[PlyCount "99"]
[GameId "2160767910968656"]
[EventDate "2005.04.29"]
[EventType "swiss"]
[EventRounds "5"]
[EventCountry "CAN"]
[SourceTitle "CBM 106 Extra"]
[Source "ChessBase"]
[SourceDate "2005.07.01"]
[SourceVersion "1"]
[SourceVersionDate "2005.07.01"]
[SourceQuality "1"]

1. d4 d5 2. Nf3 Nf6 3. c4 e6 4. cxd5 exd5 5. Qc2 c6 6. Bg5 h6 7. Bh4 Be6 8. e3 Nbd7 9. Nc3 Be7 10. Bd3 Rc8 11. O-O O-O 12. h3 c5 13. Rfd1 a6 14. a4 cxd4 15. Nxd4 Nc5 16. Nf5 Bxf5 17. Bxf5 Ne6 18. Qb3 g5 19. Nxd5 Nxd5 20. Rxd5 Qc7 21. Bg3 Qc6 22. Re5 Nc5 23. Qc2 Ne6 24. Qxc6 Rxc6 25. Rd5 Bf6 26. Be5 Bxe5 27. Rxe5 Rc5 28. Rxc5 Nxc5 29. b4 Ne6 30. Rc1 Kg7 31. Bxe6 fxe6 32. Rc7+ Rf7 33. Rxf7+ Kxf7 34. Kf1 Ke7 35. Ke2 Kd6 36. Kd3 Ke5 37. e4 h5 38. Ke3 Kd6 39. Kd4 e5+ 40. Kc4 b6 41. g3 g4 42. hxg4 hxg4 43. Kd3 a5 44. b5 Kc5 45. f4 gxf3 46. g4 Kd6 47. Ke3 f2 48. Kxf2 Ke6 49. Kg3 Kf6 50. Kh4 1-0

[Event "Quebec-ch qual. 1"]
[Site "Montreal CAN"]
[Date "2005.04.30"]
[Round "3"]
[White "Ostaci, Liviu"]
[Black "Dimev, Kiril"]
[Result "1/2-1/2"]
[WhiteElo "1934"]
[BlackElo "1853"]
[PlyCount "57"]
[GameId "2160767910968657"]
[EventDate "2005.04.29"]
[EventType "swiss"]
[EventRounds "5"]
[EventCountry "CAN"]
[SourceTitle "CBM 106 Extra"]
[Source "ChessBase"]
[SourceDate "2005.07.01"]
[SourceVersion "1"]
[SourceVersionDate "2005.07.01"]
[SourceQuality "1"]

1. e4 e5 2. Nf3 Nc6 3. Bb5 a6 4. Ba4 Nf6 5. O-O Be7 6. Re1 b5 7. Bb3 d6 8. c3 O-O 9. h3 Na5 10. Bc2 c5 11. d4 Qc7 12. Nbd2 exd4 13. cxd4 Bd7 14. Nf1 Rac8 15. Bd3 Nc6 16. Be3 cxd4 17. Nxd4 d5 18. exd5 Nxd5 19. Bxh7+ Kxh7 20. Qh5+ Kg8 21. Qxd5 Nxd4 22. Bxd4 Be6 23. Qf3 Rfd8 24. Be5 Qc5 25. Qg3 Bf8 26. a3 Rc6 27. Kh2 Bd5 28. Ne3 Rg6 29. Qf4 1/2-1/2

[Event "Quebec-ch qual. 1"]
[Site "Montreal CAN"]
[Date "2005.04.30"]
[Round "3"]
[White "Sullivan, Neil"]
[Black "Sicotte, Marc"]
[Result "1-0"]
[WhiteElo "2122"]
[BlackElo "1956"]
[PlyCount "40"]
[GameId "2160767910968658"]
[EventDate "2005.04.29"]
[EventType "swiss"]
[EventRounds "5"]
[EventCountry "CAN"]
[SourceTitle "CBM 106 Extra"]
[Source "ChessBase"]
[SourceDate "2005.07.01"]
[SourceVersion "1"]
[SourceVersionDate "2005.07.01"]
[SourceQuality "1"]

1. e4 e6 2. d3 d5 3. Nd2 Nf6 4. g3 c5 5. Bg2 Be7 6. Ngf3 Nc6 7. O-O O-O 8. e5 Nd7 9. Re1 Qc7 10. Qe2 f6 11. exf6 Nxf6 12. Bh3 Kh8 13. Bxe6 Bxe6 14. Qxe6 Bd6 15. c3 Rae8 16. Qh3 Rxe1+ 17. Nxe1 Qe7 18. Ndf3 Qe2 19. Qf1 Qd1 20. Ng2 Qxf3 1-0

[Event "Quebec-ch qual. 1"]
[Site "Montreal CAN"]
[Date "2005.05.01"]
[Round "4"]
[White "Anastasovski, Nikola"]
[Black "Bekteshi, Muhamet"]
[Result "1/2-1/2"]
[WhiteElo "2159"]
[BlackElo "2108"]
[PlyCount "31"]
[GameId "2160767910968659"]
[EventDate "2005.04.29"]
[EventType "swiss"]
[EventRounds "5"]
[EventCountry "CAN"]
[SourceTitle "CBM 106 Extra"]
[Source "ChessBase"]
[SourceDate "2005.07.01"]
[SourceVersion "1"]
[SourceVersionDate "2005.07.01"]
[SourceQuality "1"]

1. e4 c6 2. d4 d5 3. e5 Bf5 4. Bd3 Bxd3 5. Qxd3 e6 6. Nf3 Nd7 7. O-O Ne7 8. Be3 Nf5 9. c3 Be7 10. Nbd2 c5 11. h3 O-O 12. Rad1 Rc8 13. Rfe1 a6 14. Nf1 cxd4 15. cxd4 b5 16. Ng3 1/2-1/2

[Event "Quebec-ch qual. 1"]
[Site "Montreal CAN"]
[Date "2005.05.01"]
[Round "4"]
[White "Bonifay, Xavier"]
[Black "Muscalu, Alexandru"]
[Result "1-0"]
[WhiteElo "1401"]
[BlackElo "1128"]
[PlyCount "90"]
[GameId "2160767910968660"]
[EventDate "2005.04.29"]
[EventType "swiss"]
[EventRounds "5"]
[EventCountry "CAN"]
[SourceTitle "CBM 106 Extra"]
[Source "ChessBase"]
[SourceDate "2005.07.01"]
[SourceVersion "1"]
[SourceVersionDate "2005.07.01"]
[SourceQuality "1"]

1. c4 c6 2. Nc3 d5 3. cxd5 cxd5 4. d4 Nc6 5. Nf3 e6 6. g3 Nf6 7. Bg2 a6 8. O-O Bd6 9. Bg5 O-O 10. e4 dxe4 11. Nxe4 Be7 12. Nc3 Nd5 13. Nxd5 exd5 14. Bxe7 Qxe7 15. Re1 Qd6 16. Qb3 b5 17. Rac1 Bb7 18. Qe3 Na5 19. b3 f6 20. Nh4 Bc8 21. Rc5 Bb7 22. Nf5 Qd7 23. Ne7+ Kh8 24. Qc3 Rac8 25. Qxa5 Rfe8 26. Nxd5 Rxe1+ 27. Qxe1 Re8 28. Qc1 Qe6 29. Ne3 Bxg2 30. Nxg2 Qe4 31. Rc8 Rg8 32. Rxg8+ Kxg8 33. Qe3 Qb1+ 34. Ne1 Kf7 35. Qd2 Qe4 36. d5 Ke7 37. Qe3 Qxe3 38. fxe3 Kd6 39. Kf2 Kxd5 40. Kf3 a5 41. Nc2 g6 42. Nd4 Kc5 43. Ke4 Kb4 44. Kd5 Ka3 45. Nxb5+ Kxa2 1-0

[Event "Quebec-ch qual. 1"]
[Site "Montreal CAN"]
[Date "2005.05.01"]
[Round "4"]
[White "Cloutier, Mathieu"]
[Black "Menard, Dominic"]
[Result "1/2-1/2"]
[WhiteElo "2008"]
[BlackElo "1883"]
[PlyCount "80"]
[GameId "2160767910968661"]
[EventDate "2005.04.29"]
[EventType "swiss"]
[EventRounds "5"]
[EventCountry "CAN"]
[SourceTitle "CBM 106 Extra"]
[Source "ChessBase"]
[SourceDate "2005.07.01"]
[SourceVersion "1"]
[SourceVersionDate "2005.07.01"]
[SourceQuality "1"]

1. e4 c5 2. Nc3 Nc6 3. g3 g6 4. Bg2 Bg7 5. Nf3 d6 6. O-O e5 7. d3 Nge7 8. Bg5 f6 9. Be3 O-O 10. Qd2 f5 11. Bh6 f4 12. Bxg7 Kxg7 13. Ne2 fxg3 14. fxg3 Bg4 15. Ng5 Qd7 16. h3 Bxe2 17. Qxe2 h6 18. Nf3 Nd4 19. Nxd4 cxd4 20. c3 Nc6 21. h4 Rf7 22. Rxf7+ Qxf7 23. Rf1 Qe7 24. c4 Rf8 25. Rxf8 Qxf8 26. a3 Qf7 27. b4 a5 28. Qd2 axb4 29. axb4 Qc7 30. Bh3 Qb6 31. b5 Na5 32. Qb4 Qc7 33. c5 dxc5 34. b6 Qf7 35. Qxa5 Qf3 36. Qxc5 Qxg3+ 37. Bg2 Qe1+ 38. Bf1 Qg3+ 39. Kh1 Qxh4+ 40. Kg2 Qg4+ 1/2-1/2

[Event "Quebec-ch qual. 1"]
[Site "Montreal CAN"]
[Date "2005.05.01"]
[Round "4"]
[White "Delisle, Louis-Martin"]
[Black "Hajiyev, Elshad"]
[Result "1-0"]
[WhiteElo "1893"]
[BlackElo "1940"]
[PlyCount "99"]
[GameId "2160767910968662"]
[EventDate "2005.04.29"]
[EventType "swiss"]
[EventRounds "5"]
[EventCountry "CAN"]
[SourceTitle "CBM 106 Extra"]
[Source "ChessBase"]
[SourceDate "2005.07.01"]
[SourceVersion "1"]
[SourceVersionDate "2005.07.01"]
[SourceQuality "1"]

1. f4 d5 2. Nf3 c5 3. e3 Nc6 4. Bb5 Bd7 5. b3 Nf6 6. Bb2 g6 7. Bxc6 Bxc6 8. Ne5 Bg7 9. g4 O-O 10. g5 Ne4 11. Nxc6 bxc6 12. Bxg7 Kxg7 13. O-O f6 14. d3 Nd6 15. gxf6+ Rxf6 16. Nd2 Nf5 17. Qe1 Re6 18. e4 dxe4 19. Nxe4 Qd4+ 20. Qf2 Qxf2+ 21. Rxf2 c4 22. bxc4 Rb8 23. c3 Rd8 24. Nc5 Re3 25. Kf1 Kf7 26. Re1 Rb8 27. Rxe3 Nxe3+ 28. Ke2 Ng4 29. Rg2 Nxh2 30. Nb3 a5 31. Rxh2 a4 32. Rxh7+ Kg8 33. Rxe7 axb3 34. axb3 Rxb3 35. Re6 Kf7 36. Rxc6 Rxc3 37. Rd6 Rc1 38. Ke3 Re1+ 39. Kd2 Rf1 40. Rd4 Ke6 41. Kc3 Rc1+ 42. Kb4 Rb1+ 43. Kc5 Rb8 44. Kc6 Rc8+ 45. Kb7 Rc5 46. Kb6 Rc8 47. c5 Rb8+ 48. Kc7 Rb3 49. c6 Rc3 50. Kb7 1-0

[Event "Quebec-ch qual. 1"]
[Site "Montreal CAN"]
[Date "2005.05.01"]
[Round "4"]
[White "Joanis, Marc-Andre"]
[Black "Furger, Joseph"]
[Result "1-0"]
[WhiteElo "1688"]
[BlackElo "1325"]
[PlyCount "74"]
[GameId "2160767910968664"]
[EventDate "2005.04.29"]
[EventType "swiss"]
[EventRounds "5"]
[EventCountry "CAN"]
[SourceTitle "CBM 106 Extra"]
[Source "ChessBase"]
[SourceDate "2005.07.01"]
[SourceVersion "1"]
[SourceVersionDate "2005.07.01"]
[SourceQuality "1"]

1. g3 c6 2. Bg2 e6 3. Nf3 d5 4. O-O Bd6 5. d4 b6 6. b3 Ne7 7. c4 Nd7 8. Nc3 Bb7 9. e4 Bb4 10. Qc2 Bxc3 11. Qxc3 dxe4 12. Ng5 Nf6 13. Nxe4 Nxe4 14. Bxe4 Rc8 15. Rd1 Rc7 16. Bf4 Rd7 17. h4 f6 18. Bf3 O-O 19. Qe3 Kf7 20. Re1 e5 21. dxe5 Rd3 22. e6+ Kg8 23. Qe2 g5 24. Be4 Rd4 25. hxg5 f5 26. Bf3 Qc8 27. Rad1 Rfd8 28. Rxd4 Rxd4 29. Be5 Rd8 30. Bf6 Re8 31. Rd1 Ng6 32. Rd7 Ba8 33. Qd3 Rxe6 34. Rd8+ Re8 35. Rxc8 Rxc8 36. Qd7 Kf8 37. Qxc8+ Kf7 1-0

[Event "Quebec-ch qual. 1"]
[Site "Montreal CAN"]
[Date "2005.05.01"]
[Round "4"]
[White "Malveau, Cedric"]
[Black "Dumouchel, Alain"]
[Result "1-0"]
[WhiteElo "1926"]
[BlackElo "2051"]
[PlyCount "105"]
[GameId "2160767910968665"]
[EventDate "2005.04.29"]
[EventType "swiss"]
[EventRounds "5"]
[EventCountry "CAN"]
[SourceTitle "CBM 106 Extra"]
[Source "ChessBase"]
[SourceDate "2005.07.01"]
[SourceVersion "1"]
[SourceVersionDate "2005.07.01"]
[SourceQuality "1"]

1. d4 d5 2. c4 e6 3. Nf3 Nf6 4. Bg5 Be7 5. e3 O-O 6. Nc3 Nbd7 7. Qc2 c6 8. cxd5 exd5 9. Bd3 Re8 10. O-O Nf8 11. h3 Ne4 12. Bxe7 Qxe7 13. Bxe4 dxe4 14. Nd2 f5 15. Rae1 Be6 16. f3 exf3 17. Nxf3 Ng6 18. d5 cxd5 19. Nd4 Nh4 20. Qf2 Qg5 21. Ncb5 Qd8 22. Qg3 f4 23. Qxf4 Ng6 24. Qh2 Qg5 25. Nc7 Bd7 26. Nxa8 Rxa8 27. Nf3 Qf6 28. Qc7 Qc6 29. Qxc6 bxc6 30. Rc1 Rb8 31. b3 Ne7 32. Ne5 Be8 33. Rf2 g6 34. Rcf1 Nf5 35. g4 Nxe3 36. Rf8+ Kg7 37. R1f3 Nf5 38. Nxc6 Rc8 39. Rxe8 Rxe8 40. gxf5 gxf5 41. Rxf5 Rc8 42. Nd4 Rc1+ 43. Kf2 Rd1 44. Ke3 Rh1 45. Rxd5 Rxh3+ 46. Nf3 Kf6 47. Ra5 h5 48. Rxa7 Kf5 49. Ra5+ Ke6 50. Ra4 Rg3 51. Rh4 Rg2 52. a4 Rb2 53. Nd4+ 1-0

[Event "Quebec-ch qual. 1"]
[Site "Montreal CAN"]
[Date "2005.05.01"]
[Round "4"]
[White "Rodriguez, Aaron"]
[Black "Millette, Sylvain"]
[Result "1-0"]
[WhiteElo "1812"]
[BlackElo "1545"]
[PlyCount "53"]
[GameId "2160767910968666"]
[EventDate "2005.04.29"]
[EventType "swiss"]
[EventRounds "5"]
[EventCountry "CAN"]
[SourceTitle "CBM 106 Extra"]
[Source "ChessBase"]
[SourceDate "2005.07.01"]
[SourceVersion "1"]
[SourceVersionDate "2005.07.01"]
[SourceQuality "1"]

1. e4 Nf6 2. e5 Nd5 3. c4 Nb6 4. d4 d6 5. f4 dxe5 6. fxe5 c5 7. d5 e6 8. Nc3 exd5 9. cxd5 c4 10. Be3 Bb4 11. Bxb6 axb6 12. Nf3 Bg4 13. Bxc4 Qc7 14. Bb5+ Nd7 15. O-O O-O 16. Bxd7 Qxd7 17. Kh1 Rad8 18. d6 Rfe8 19. Nd5 Qb5 20. Nc7 Bxf3 21. Qxf3 Qxe5 22. Qxf7+ Kh8 23. Nxe8 Qxe8 24. Qxe8+ Rxe8 25. d7 Rd8 26. Rae1 Bxe1 27. Rxe1 1-0

[Event "Quebec-ch qual. 1"]
[Site "Montreal CAN"]
[Date "2005.05.01"]
[Round "4"]
[White "Sicotte, Marc"]
[Black "Dimev, Kiril"]
[Result "1-0"]
[WhiteElo "1956"]
[BlackElo "1853"]
[PlyCount "105"]
[GameId "2160767910968667"]
[EventDate "2005.04.29"]
[EventType "swiss"]
[EventRounds "5"]
[EventCountry "CAN"]
[SourceTitle "CBM 106 Extra"]
[Source "ChessBase"]
[SourceDate "2005.07.01"]
[SourceVersion "1"]
[SourceVersionDate "2005.07.01"]
[SourceQuality "1"]

1. e4 e5 2. f4 exf4 3. Nf3 Nf6 4. e5 Nh5 5. Bc4 Nc6 6. O-O d5 7. exd6 Qxd6 8. d4 Be7 9. c3 O-O 10. Ne1 g6 11. Be2 f3 12. Bxf3 Ng7 13. Na3 Nd8 14. Nd3 Be6 15. Bf4 Qb6 16. Nc2 Bc4 17. b3 Bxd3 18. Qxd3 Nde6 19. Be3 Nf5 20. Bf2 Rad8 21. Ne3 Nxe3 22. Bxe3 c5 23. d5 Bg5 24. Bf2 Nf4 25. Qd1 Qd6 26. c4 h5 27. Qc2 b6 28. Rae1 Rfe8 29. Re4 Qf6 30. Be1 Rxe4 31. Qxe4 Qd4+ 32. Qxd4 cxd4 33. h4 Bh6 34. Bg3 d3 35. Bd1 Ne2+ 36. Bxe2 dxe2 37. Re1 Be3+ 38. Bf2 Re8 39. Bxe3 Rxe3 40. Kf2 Rc3 41. Rxe2 Kf8 42. Ke1 Rd3 43. Re4 f5 44. Re5 Kf7 45. Ke2 Rd4 46. g3 f4 47. gxf4 Rxf4 48. Ke3 Rf1 49. d6 Rd1 50. Rd5 Re1+ 51. Kf4 Ke8 52. Re5+ Rxe5 53. Kxe5 1-0

[Event "Quebec-ch qual. 1"]
[Site "Montreal CAN"]
[Date "2005.05.01"]
[Round "4"]
[White "Singher, Jean-Pierre"]
[Black "Ostaci, Liviu"]
[Result "1-0"]
[WhiteElo "2056"]
[BlackElo "1934"]
[PlyCount "69"]
[GameId "2160767910968668"]
[EventDate "2005.04.29"]
[EventType "swiss"]
[EventRounds "5"]
[EventCountry "CAN"]
[SourceTitle "CBM 106 Extra"]
[Source "ChessBase"]
[SourceDate "2005.07.01"]
[SourceVersion "1"]
[SourceVersionDate "2005.07.01"]
[SourceQuality "1"]

1. d4 Nf6 2. c4 g6 3. Nf3 Bg7 4. g3 O-O 5. Bg2 d6 6. O-O Nc6 7. Nc3 a6 8. h3 Rb8 9. e4 b5 10. Qe2 Bd7 11. e5 Ne8 12. cxb5 axb5 13. Bf4 b4 14. Ne4 h6 15. g4 f5 16. gxf5 Rxf5 17. Bg3 dxe5 18. dxe5 Nxe5 19. Nh4 Bb5 20. Qe3 Bxf1 21. Bxf1 Rh5 22. Be2 Rxh4 23. Bxh4 Nd6 24. Qb3+ Kh7 25. Nc5 Nf5 26. Rd1 Nd4 27. Qe3 Nxe2+ 28. Qxe2 Qe8 29. Ne6 Qf7 30. Nxg7 Nf3+ 31. Kf1 Kxg7 32. Rd7 Re8 33. Bxe7 Qf5 34. Bf6+ Kf8 35. Bg7+ 1-0

[Event "Quebec-ch qual. 1"]
[Site "Montreal CAN"]
[Date "2005.05.01"]
[Round "4"]
[White "Xavier-Bonifay, Jean-Luc"]
[Black "Delisle, Louis-Martin"]
[Result "0-1"]
[WhiteElo "1402"]
[BlackElo "1893"]
[PlyCount "87"]
[GameId "2160767910968669"]
[EventDate "2005.04.29"]
[EventType "swiss"]
[EventRounds "5"]
[EventCountry "CAN"]
[SourceTitle "CBM 106 Extra"]
[Source "ChessBase"]
[SourceDate "2005.07.01"]
[SourceVersion "1"]
[SourceVersionDate "2005.07.01"]
[SourceQuality "1"]

1. e4 Nc6 2. Nf3 e5 3. Bc4 Nf6 4. Ng5 d5 5. exd5 b5 6. Bxb5 Qxd5 7. Bxc6+ Qxc6 8. O-O Bb7 9. Qf3 e4 10. Qc3 h6 11. Qxc6+ Bxc6 12. Nh3 O-O-O 13. Nc3 Bd6 14. Kh1 g5 15. b3 Nh5 16. Bb2 Rhe8 17. Nd1 f5 18. Ne3 f4 19. Nc4 Bf8 20. a4 Bd5 21. Rad1 Be6 22. Ng1 Rd5 23. Ne2 Bg4 24. Rde1 f3 25. gxf3 Bxf3+ 26. Kg1 Nf4 27. Nxf4 gxf4 28. Bf6 Re6 29. Bh4 Rg6+ 30. Bg3 fxg3 31. fxg3 Bc5+ 32. Ne3 Rxd2 33. Rf2 Rgd6 34. b4 Bxb4 35. Nc4 Rxf2 36. Nxd6+ cxd6 37. Kxf2 Bxe1+ 38. Kxe1 Kc7 39. Kd2 Kc6 40. Ke3 Kc5 41. h3 d5 42. g4 d4+ 43. Kf4 Kc4 44. h4 0-1

[Event "Quebec-ch qual. 1"]
[Site "Montreal CAN"]
[Date "2005.05.01"]
[Round "5"]
[White "Anastasovski, Nikola"]
[Black "Sicotte, Marc"]
[Result "1-0"]
[WhiteElo "2159"]
[BlackElo "1956"]
[PlyCount "105"]
[GameId "2160767910968671"]
[EventDate "2005.04.29"]
[EventType "swiss"]
[EventRounds "5"]
[EventCountry "CAN"]
[SourceTitle "CBM 106 Extra"]
[Source "ChessBase"]
[SourceDate "2005.07.01"]
[SourceVersion "1"]
[SourceVersionDate "2005.07.01"]
[SourceQuality "1"]

1. e4 e6 2. d4 d5 3. e5 c5 4. c3 Nc6 5. Be3 Qb6 6. Qd2 cxd4 7. cxd4 Bd7 8. Nc3 Nge7 9. Nf3 Nf5 10. Rc1 Be7 11. Bd3 g6 12. O-O Ng7 13. Rfd1 O-O 14. Bg5 f6 15. exf6 Bxf6 16. Bxf6 Rxf6 17. Qh6 Rxf3 18. gxf3 Nxd4 19. Qe3 Rf8 20. f4 Ngf5 21. Bxf5 Nxf5 22. Qxb6 axb6 23. Ne2 Bc6 24. Nd4 Nxd4 25. Rxd4 Ra8 26. Ra1 b5 27. b3 Ra3 28. Kf1 Kf7 29. Ke2 Ke7 30. Kd3 Kd6 31. Kc3 Kc5 32. Rb4 Bd7 33. Rd4 Bc6 34. Rd3 Ra8 35. Kd2 d4 36. Rh3 h5 37. Kd3 Rf8 38. Rh4 b4 39. Rg1 Bb5+ 40. Ke4 Rd8 41. Rc1+ Kb6 42. Rd1 d3 43. Rd2 Rd5 44. Rh3 Kc5 45. Rg3 Rd4+ 46. Ke3 Rd5 47. Rxg6 e5 48. f5 Rd4 49. Rg5 Rh4 50. f6 Kd6 51. Rf5 Ke6 52. f7 Rh3+ 53. f3 1-0

[Event "Quebec-ch qual. 1"]
[Site "Montreal CAN"]
[Date "2005.05.01"]
[Round "5"]
[White "Dimev, Kiril"]
[Black "Cloutier, Mathieu"]
[Result "0-1"]
[WhiteElo "1853"]
[BlackElo "2008"]
[PlyCount "98"]
[GameId "2160767910968672"]
[EventDate "2005.04.29"]
[EventType "swiss"]
[EventRounds "5"]
[EventCountry "CAN"]
[SourceTitle "CBM 106 Extra"]
[Source "ChessBase"]
[SourceDate "2005.07.01"]
[SourceVersion "1"]
[SourceVersionDate "2005.07.01"]
[SourceQuality "1"]

1. d4 Nf6 2. c4 c5 3. d5 e6 4. Nc3 exd5 5. cxd5 d6 6. Nf3 g6 7. Nd2 Bg7 8. e4 O-O 9. Be2 a6 10. a4 Re8 11. O-O Nbd7 12. Qc2 Ne5 13. h3 g5 14. Nc4 Nxc4 15. Bxc4 Nd7 16. f4 gxf4 17. Bxf4 Ne5 18. b3 Qf6 19. Ne2 Qg6 20. Ng3 Nxc4 21. bxc4 Bxa1 22. Rxa1 Bd7 23. a5 Rad8 24. Kh2 h5 25. Qe2 h4 26. Nh5 f5 27. e5 dxe5 28. Bxe5 Rxe5 29. Qxe5 Qxh5 30. Qe7 Re8 31. Qxd7 Qg6 32. Rf1 Re2 33. Qc8+ Kg7 34. Qxb7+ Kh6 35. Qc6 Rxg2+ 36. Kh1 Rg3 37. Qxg6+ Kxg6 38. Re1 f4 39. Kh2 Kf6 40. Rd1 Rg7 41. Re1 Kf5 42. Re2 f3 43. Rd2 Ke5 44. Rd1 Rg2+ 45. Kh1 Kf4 46. d6 Kg3 47. Rd3 Re2 48. Rd1 Rh2+ 49. Kg1 f2+ 0-1

[Event "Quebec-ch qual. 1"]
[Site "Montreal CAN"]
[Date "2005.05.01"]
[Round "5"]
[White "Menard, Dominic"]
[Black "Bonifay, Xavier"]
[Result "1-0"]
[WhiteElo "1883"]
[BlackElo "1401"]
[PlyCount "37"]
[GameId "2160767910968673"]
[EventDate "2005.04.29"]
[EventType "swiss"]
[EventRounds "5"]
[EventCountry "CAN"]
[SourceTitle "CBM 106 Extra"]
[Source "ChessBase"]
[SourceDate "2005.07.01"]
[SourceVersion "1"]
[SourceVersionDate "2005.07.01"]
[SourceQuality "1"]

1. d4 c6 2. c4 d5 3. Nf3 Nf6 4. Nc3 dxc4 5. a4 Bf5 6. Ne5 e6 7. f3 Bb4 8. e4 Bg6 9. Bxc4 c5 10. Bb5+ Kf8 11. Be3 Qa5 12. Nc4 Bxc3+ 13. bxc3 Qc7 14. dxc5 a6 15. Bf4 e5 16. Bxe5 Qc8 17. Nb6 Qe6 18. Qd8+ Ne8 19. Bd6+ 1-0

[Event "Quebec-ch qual. 1"]
[Site "Montreal CAN"]
[Date "2005.05.01"]
[Round "5"]
[White "Ostaci, Liviu"]
[Black "Joanis, Marc-Andre"]
[Result "1-0"]
[WhiteElo "1934"]
[BlackElo "1688"]
[PlyCount "51"]
[GameId "2160767910968675"]
[EventDate "2005.04.29"]
[EventType "swiss"]
[EventRounds "5"]
[EventCountry "CAN"]
[SourceTitle "CBM 106 Extra"]
[Source "ChessBase"]
[SourceDate "2005.07.01"]
[SourceVersion "1"]
[SourceVersionDate "2005.07.01"]
[SourceQuality "1"]

1. e4 Nf6 2. e5 Nd5 3. d4 d6 4. c4 Nb6 5. Nf3 dxe5 6. Nxe5 g6 7. Nc3 Bg7 8. Be3 O-O 9. Be2 N6d7 10. Nxd7 Nxd7 11. O-O c6 12. Qd2 Nb6 13. Rad1 e5 14. dxe5 Qxd2 15. Rxd2 Bxe5 16. Ne4 Be6 17. b3 Rfd8 18. Rfd1 Bc7 19. Nc5 Rxd2 20. Rxd2 a5 21. a4 Rb8 22. Kf1 Nc8 23. Nxe6 fxe6 24. Rd7 Bd6 25. Bg4 e5 26. Bh6 1-0

[Event "Quebec-ch qual. 1"]
[Site "Montreal CAN"]
[Date "2005.05.01"]
[Round "5"]
[White "Sullivan, Neil"]
[Black "Rodriguez, Aaron"]
[Result "0-1"]
[WhiteElo "2122"]
[BlackElo "1812"]
[PlyCount "58"]
[GameId "2160767910968676"]
[EventDate "2005.04.29"]
[EventType "swiss"]
[EventRounds "5"]
[EventCountry "CAN"]
[SourceTitle "CBM 106 Extra"]
[Source "ChessBase"]
[SourceDate "2005.07.01"]
[SourceVersion "1"]
[SourceVersionDate "2005.07.01"]
[SourceQuality "1"]

1. e4 g6 2. Nc3 Bg7 3. g3 d6 4. Bg2 Nf6 5. d3 e5 6. h3 O-O 7. Be3 Nc6 8. Qd2 a6 9. Bh6 Rb8 10. Bxg7 Kxg7 11. O-O-O b5 12. f4 b4 13. Nce2 a5 14. f5 a4 15. g4 b3 16. cxb3 h6 17. Nf3 Nb4 18. a3 Na6 19. b4 c5 20. b5 Rxb5 21. Nc3 Rb3 22. Kb1 Bd7 23. Ka2 Qb6 24. Rb1 Rb8 25. Qc2 Bb5 26. Nd2 Bxd3 27. Nxa4 Bxc2 28. Nxb6 R3xb6 29. Nc4 Bb3+ 0-1

[Event "Quebec-ch qual. 2"]
[Site "Montreal CAN"]
[Date "2005.05.13"]
[Round "1"]
[White "Camy, Garry"]
[Black "Anastasovski, Nikola"]
[Result "0-1"]
[WhiteElo "1716"]
[BlackElo "2189"]
[PlyCount "46"]
[GameId "2160767910968418"]
[EventDate "2005.05.13"]
[EventType "swiss"]
[EventRounds "5"]
[EventCountry "CAN"]
[SourceTitle "CBM 106 Extra"]
[Source "ChessBase"]
[SourceDate "2005.07.01"]
[SourceVersion "1"]
[SourceVersionDate "2005.07.01"]
[SourceQuality "1"]

1. d4 f5 2. c4 e6 3. Nc3 Bb4 4. Bd2 b6 5. Nf3 Nf6 6. g3 Bb7 7. Bg2 O-O 8. O-O d6 9. Ng5 Bxg2 10. Nxe6 Qe7 11. Nxf8 Bxf1 12. Nxh7 Kxh7 13. Qxf1 Nbd7 14. Qh3+ Kg6 15. Re1 Bxc3 16. Bxc3 Ne4 17. Qg2 Re8 18. Qf3 Nxc3 19. Qxc3 Nf6 20. b3 Qe4 21. Qd2 Kf7 22. d5 Ng4 23. f3 Qe3+ 0-1